<?xml version="1.0" encoding="UTF-8"?>
<record
    xmlns:xsi="http://www.w3.org/2001/XMLSchema-instance"
    xsi:schemaLocation="http://www.loc.gov/MARC21/slim http://www.loc.gov/standards/marcxml/schema/MARC21slim.xsd"
    xmlns="http://www.loc.gov/MARC21/slim">

  <leader>01425nam0a22003251  4500</leader>
  <controlfield tag="001">rc\2991559</controlfield>
  <controlfield tag="005">20260407071539.0</controlfield>
  <datafield tag="035" ind1=" " ind2=" ">
    <subfield code="a">(NLR Aleph) 007135616</subfield>
  </datafield>
  <datafield tag="090" ind1=" " ind2=" ">
    <subfield code="a">7003562</subfield>
    <subfield code="c">7003562</subfield>
  </datafield>
  <datafield tag="100" ind1=" " ind2=" ">
    <subfield code="a">20110915d1944    u  y0rusy50      ca</subfield>
  </datafield>
  <datafield tag="101" ind1="1" ind2=" ">
    <subfield code="a">rus</subfield>
    <subfield code="a">fre</subfield>
    <subfield code="c">fre</subfield>
  </datafield>
  <datafield tag="102" ind1=" " ind2=" ">
    <subfield code="a">RU</subfield>
  </datafield>
  <datafield tag="105" ind1=" " ind2=" ">
    <subfield code="a">y   z   |||||</subfield>
  </datafield>
  <datafield tag="200" ind1="1" ind2=" ">
    <subfield code="a">&#x428;&#x443;&#x430;&#x43D;&#x44B; &#x438;&#x43B;&#x438; &#x411;&#x440;&#x435;&#x442;&#x430;&#x43D;&#x44C; &#x432; 1799 &#x433;&#x43E;&#x434;&#x443;</subfield>
    <subfield code="f">&#x41E;&#x43D;&#x43E;&#x440;&#x44D; &#x434;&#x435; &#x411;&#x430;&#x43B;&#x44C;&#x437;&#x430;&#x43A;</subfield>
    <subfield code="g">&#x41F;&#x435;&#x440;. &#x41D;. &#x41D;&#x435;&#x43C;&#x447;&#x438;&#x43D;&#x43E;&#x432;&#x43E;&#x439;</subfield>
    <subfield code="g">&#x41F;&#x440;&#x435;&#x434;&#x438;&#x441;&#x43B;. &#x418;. &#x410;&#x43D;&#x438;&#x441;&#x438;&#x43C;&#x43E;&#x432;&#x430;</subfield>
    <subfield code="g">&#x418;&#x441;&#x442;. &#x43E;&#x447;&#x435;&#x440;&#x43A; "&#x428;&#x443;&#x430;&#x43D;&#x44B;", (&#x441;. 287-297) &#x438; &#x43F;&#x440;&#x438;&#x43C;&#x435;&#x447;. &#x424;. &#x425;&#x435;&#x439;&#x444;&#x435;&#x446;</subfield>
  </datafield>
  <datafield tag="210" ind1=" " ind2=" ">
    <subfield code="a">&#x41C;&#x43E;&#x441;&#x43A;&#x432;&#x430;</subfield>
    <subfield code="c">&#x413;&#x43E;&#x441;&#x43B;&#x438;&#x442;&#x438;&#x437;&#x434;&#x430;&#x442;</subfield>
    <subfield code="d">1944</subfield>
    <subfield code="g">&#x41E;&#x431;&#x440;&#x430;&#x437;&#x446;&#x43E;&#x432;&#x430;&#x44F; &#x442;&#x438;&#x43F;.</subfield>
  </datafield>
  <datafield tag="215" ind1=" " ind2=" ">
    <subfield code="a">303 &#x441;.</subfield>
    <subfield code="d">20 &#x441;&#x43C;</subfield>
  </datafield>
  <datafield tag="300" ind1=" " ind2=" ">
    <subfield code="a">&#x41D;&#x430; &#x43E;&#x431;&#x43E;&#x440;&#x43E;&#x442;&#x435; &#x442;&#x438;&#x442;. &#x43B;.: Honor&#xE9; de Balzac. Les chouans o&#xFA; la Bretagne en 1799</subfield>
  </datafield>
  <datafield tag="464" ind1=" " ind2="0">
    <subfield code="1">2001#$a&#x428;&#x443;&#x430;&#x43D;&#x44B;</subfield>
    <subfield code="1">700#1$a&#x425;&#x435;&#x439;&#x444;&#x435;&#x446;$b&#x424;.$4070</subfield>
    <subfield code="t">&#x428;&#x443;&#x430;&#x43D;&#x44B;</subfield>
    <subfield code="a">&#x425;&#x435;&#x439;&#x444;&#x435;&#x446;, &#x424;.</subfield>
  </datafield>
  <datafield tag="700" ind1=" " ind2="1">
    <subfield code="a">&#x414;&#x435; &#x411;&#x430;&#x43B;&#x44C;&#x437;&#x430;&#x43A;</subfield>
    <subfield code="b">&#x41E;.</subfield>
    <subfield code="f">1799-1850</subfield>
    <subfield code="g">&#x41E;&#x43D;&#x43E;&#x440;&#x435;</subfield>
  </datafield>
  <datafield tag="702" ind1=" " ind2="1">
    <subfield code="a">&#x41D;&#x435;&#x43C;&#x447;&#x438;&#x43D;&#x43E;&#x432;&#x430;</subfield>
    <subfield code="b">&#x41D;.</subfield>
    <subfield code="4">730</subfield>
  </datafield>
  <datafield tag="702" ind1=" " ind2="1">
    <subfield code="4">080</subfield>
    <subfield code="7">ca</subfield>
    <subfield code="8">rus</subfield>
    <subfield code="a">&#x410;&#x43D;&#x438;&#x441;&#x438;&#x43C;&#x43E;&#x432;</subfield>
    <subfield code="b">&#x418;. &#x418;.</subfield>
    <subfield code="c">&#x434;-&#x440; &#x444;&#x438;&#x43B;&#x43E;&#x43B;. &#x43D;&#x430;&#x443;&#x43A;</subfield>
    <subfield code="f">1899-1966</subfield>
    <subfield code="g">&#x418;&#x432;&#x430;&#x43D; &#x418;&#x432;&#x430;&#x43D;&#x43E;&#x432;&#x438;&#x447;</subfield>
    <subfield code="3">RU\NLR\AUTH\770280221</subfield>
    <subfield code="9">2652188</subfield>
  </datafield>
  <datafield tag="702" ind1=" " ind2="1">
    <subfield code="a">&#x425;&#x435;&#x439;&#x444;&#x435;&#x446;</subfield>
    <subfield code="b">&#x424;.</subfield>
    <subfield code="4">570</subfield>
  </datafield>
  <datafield tag="801" ind1=" " ind2="0">
    <subfield code="a">RU</subfield>
    <subfield code="b">NLR</subfield>
    <subfield code="g">psbo</subfield>
  </datafield>
  <datafield tag="801" ind1=" " ind2="1">
    <subfield code="a">RU</subfield>
    <subfield code="b">ELAR</subfield>
    <subfield code="2">rusmarc</subfield>
  </datafield>
  <datafield tag="852" ind1=" " ind2=" ">
    <subfield code="a">NLR</subfield>
    <subfield code="j">&#x41B;60 &#x413;-3/21</subfield>
  </datafield>
  <datafield tag="942" ind1=" " ind2=" ">
    <subfield code="c">BOOK</subfield>
  </datafield>
  <datafield tag="945" ind1=" " ind2=" ">
    <subfield code="a">&#x420;&#x43E;&#x441;&#x441;&#x438;&#x439;&#x441;&#x43A;&#x430;&#x44F; &#x43D;&#x430;&#x446;&#x438;&#x43E;&#x43D;&#x430;&#x43B;&#x44C;&#x43D;&#x430;&#x44F; &#x431;&#x438;&#x431;&#x43B;&#x438;&#x43E;&#x442;&#x435;&#x43A;&#x430;</subfield>
  </datafield>
  <datafield tag="980" ind1=" " ind2=" ">
    <subfield code="a">NB</subfield>
  </datafield>
  <datafield tag="980" ind1=" " ind2=" ">
    <subfield code="a">BV</subfield>
  </datafield>
  <datafield tag="995" ind1=" " ind2=" ">
    <subfield code="5">2013-10-26</subfield>
    <subfield code="b">NLR02</subfield>
    <subfield code="c">NLR02</subfield>
    <subfield code="e">RFS</subfield>
    <subfield code="f">1-4897256</subfield>
    <subfield code="k">&#x41B;60 &#x413;-3/21</subfield>
    <subfield code="o">0</subfield>
    <subfield code="r">BOOK</subfield>
    <subfield code="s">60_321</subfield>
  </datafield>
</record>
